[Event "Match"]
[Site "www.echecsemail.com"]
[Date "2017.11.09"]
[Round "1"]
[White "Mdesouza"]
[Black "Tonino1"]
[WhiteElo "2250"]
[BlackElo "2170"]
[Result "1-0"]
[Round "1"]
1.e4 d6
2.d4 Ng8f6
3.Nb1c3 g6
4.Bf1e2 Bf8g7
5.h4 O-O
6.Bc1e3 c6
7.h5 Rf8e8
8.hxg6 hxg6
9.Qd1d2 Nf6g4
10.Be2xg4 Bc8xg4
11.f3 Bg4c8
12.O-O-O Qd8c7
13.Be3h6 Bg7h8
14.g4 e5
15.Bh6e3 Nb8d7
16.Qd2h2 Bh8g7
17.Ng1e2 Nd7f6
18.dxe5 dxe5
19.Ne2g3 Bc8e6
20.Ng3f5 gxf5
21.gxf5 Be6c4
22.Rd1g1 Nf6g4
23.Rg1xg4 f6
24.Qh2h8  { time }
1-0

[Event "Match"]
[Site "www.echecsemail.com"]
[Date "2017.11.09"]
[Round "1"]
[White "Orae"]
[Black "Paco"]
[WhiteElo "1720"]
[BlackElo "1970"]
[Result "0-1"]
[Round "1"]
1.e4 e5
2.Ng1f3 Nb8c6
3.Bf1c4 Bf8c5
4.d4 Nc6xd4
5.Nf3g5 Ng8h6
6.O-O O-O
7.Ng5f3 Qd8f6
8.Bc1xh6 Nd4xf3
9.Qd1xf3 Qf6xf3
10.gxf3 gxh6
11.Kh1 Kh8
12.Nb1c3 d6
13.Nc3d5 c6
14.Nd5e7 Bc8h3
15.Rf1g1 Bc5xf2
16.Rg1d1 Ra8e8
17.Ne7f5 Rf8g8
18.Nf5g3 Rg8g7
19.Bc4f1 Bh3e6
20.Rd1d2 Bf2xg3
21.hxg3 Rg7xg3
22.Bf1g2 h5
23.Kh2 h4
24.Ra1g1 Re8g8
25.b3 h3
26.c4 hxg2
27.a4 Rg3xf3
28.Rd2xg2 Rg8xg2
29.Rg1xg2 Rf3xb3
30.Rg2d2 Be6xc4
31.Rd2xd6 Bc4a6
32.Rd6d8 Kg7
33.Rd8d1 Rb3b4
34.Rd1g1 Kf6
35.a5 Rb4xe4
36.Rg1g8 c5
37.Rg8h8 Kg7
38.Rh8a8 c4
39.Ra8c8 Re4e2
40.Kg3 Re2e3
41.Kf2 Re3a3
42.Rc8c5 c3
43.Ke1 Ra3a1
{ resign }
0-1

[Event "1/64 Finale"]
[Site "www.chess-mail.com"]
[Date "2017.11.09"]
[Round "1"]
[White "Hennie4820"]
[Black "Norlavuaram"]
[WhiteElo "2060"]
[BlackElo "2070"]
[Result "1/2-1/2"]
[Round "1"]
1.e4 e5
2.Ng1f3 Nb8c6
3.Bf1c4 Bf8e7
4.d4 d6
5.dxe5 dxe5
6.Qd1xd8 Be7xd8
7.Bc4b5 f6
8.O-O Ng8e7
9.Bc1e3 O-O
10.c3 Bc8e6
11.Nb1d2 a6
12.Bb5a4 b5
13.Ba4b3 Be6f7
14.Ra1d1 Nc6a5
15.Bb3xf7 Rf8xf7
16.Nd2b3 Na5xb3
17.axb3 Ne7c6
18.Rd1d2 Bd8e7
19.Rf1d1 Ra8d8
20.Rd2xd8 Nc6xd8
21.Rd1d7 Nd8e6
22.Kf1 Be7d6
23.Rd7xf7 Kxf7
24.g3 c5
25.Ke2 g6
26.Kd3 Ke7
27.h4 Ne6d8
28.Kc2 Ke6
29.Kd2 Nd8c6
30.Kd3 Nc6a5
31.Kc2 c4
32.b4 Na5b7
33.Nf3e1 Nb7d8
34.Kd2 f5
35.f3 Nd8f7
36.Ne1c2 h6
37.Be3b6 g5
38.Nc2e3 fxe4
39.fxe4 gxh4
40.gxh4 Bd6e7
41.Ne3f5 Nf7d6
42.Nf5xe7 Kxe7
43.Bb6c7 { draw }
1/2-1/2

[Event "Tourn. n9578"]
[Site "www.chess-mail.com"]
[Date "2017.11.10"]
[Round "1"]
[White "Picifarkinca"]
[Black "Tevere"]
[WhiteElo "1860"]
[BlackElo "1920"]
[Result "0-1"]
[Round "1"]
1.Ng1f3 Ng8f6
2.c4 e6
3.d4 d5
4.Bc1g5 h6
5.Bg5h4 Bf8b4
6.Nb1c3 dxc4
7.e3 g5
8.Bh4g3 Nf6e4
9.Qd1c2 Ne4xg3
10.hxg3 b5
11.O-O-O a6
{ resign }
0-1

[Event "Tourn. n9562"]
[Site "www.chess-mail.com"]
[Date "2017.11.10"]
[Round "1"]
[White "Passaroa25"]
[Black "Picifarkinca"]
[WhiteElo "1710"]
[BlackElo "1830"]
[Result "1-0"]
[Round "1"]
1.e4 c6
2.f3 d5
3.c3 e5
4.d3 Bc8e6
5.Ng1e2 dxe4
6.fxe4 Qd8b6
7.Ne2g3 Bf8c5
8.Qd1e2 Nb8d7
9.b4 Bc5e7
10.Bc1e3 c5
11.Nb1d2 Ng8f6
12.Ng3f5 Be6xf5
13.exf5 Nf6d5
14.bxc5 { resign }
1-0

[Event "Tourn. n9577"]
[Site "www.chess-mail.com"]
[Date "2017.11.10"]
[Round "1"]
[White "Caspito"]
[Black "Picifarkinca"]
[WhiteElo "1900"]
[BlackElo "1860"]
[Result "1-0"]
[Round "1"]
1.e4 c6
2.d4 d5
3.e5 Bc8f5
4.Bf1d3 Bf5xd3
5.cxd3 e6
6.Ng1f3 Bf8b4
7.Bc1d2 Bb4xd2
8.Nb1xd2 Nb8d7
9.a4 Ng8e7
10.Nf3g5 Qd8b6
11.Qd1f3 O-O
12.Qf3h5 h6
13.Ng5f3 Ne7f5
14.O-O Nf5xd4
15.Nf3xd4 Qb6xd4
16.Nd2f3 Qd4xd3
17.Ra1a3 { resign }
1-0

[Event "Tourn. n9578"]
[Site "www.chess-mail.com"]
[Date "2017.11.10"]
[Round "1"]
[White "Picifarkinca"]
[Black "Odin"]
[WhiteElo "1860"]
[BlackElo "1840"]
[Result "0-1"]
[Round "1"]
1.Ng1f3 d5
2.c4 Ng8f6
3.e3 Bc8g4
4.Qd1b3 dxc4
5.Qb3xb7 Nb8d7
6.Qb7c6 Bg4e6
7.Bf1xc4 Be6xc4
8.Qc6xc4 Nd7b6
9.Qc4c6 Nf6d7
10.d4 e6
11.O-O Bf8d6
{ resign }
0-1

[Event "Tourn. n9577"]
[Site "www.chess-mail.com"]
[Date "2017.11.10"]
[Round "1"]
[White "Dussek"]
[Black "Picifarkinca"]
[WhiteElo "1780"]
[BlackElo "1860"]
[Result "1-0"]
[Round "1"]
1.e4 e6
2.d4 d5
3.Nb1c3 dxe4
4.Nc3xe4 Nb8d7
5.Ng1f3 Ng8f6
6.Bf1d3 c5
7.c3 Nf6xe4
8.Bd3xe4 Nd7f6
9.Be4c2 cxd4
10.Nf3xd4 a6
11.O-O { resign }
1-0

[Event "Tourn. n9578"]
[Site "www.chess-mail.com"]
[Date "2017.11.10"]
[Round "1"]
[White "Caspito"]
[Black "Picifarkinca"]
[WhiteElo "1900"]
[BlackElo "1860"]
[Result "1-0"]
[Round "1"]
1.e4 c6
2.d4 d5
3.e5 Bc8f5
4.Bf1d3 Bf5xd3
5.Qd1xd3 e6
6.Ng1f3 Bf8b4
7.c3 Bb4f8
8.O-O Nb8d7
9.b4 Qd8c7
10.Nf3g5 h6
11.Ng5xf7 Kxf7
12.Qd3f3 Ng8f6
13.exf6 Nd7xf6
14.Bc1f4 Bf8d6
15.Bf4xd6 Qc7xd6
16.Nb1d2 Rh8e8
17.a3 { resign }
1-0

[Event "Tourn. n9573"]
[Site "www.chess-mail.com"]
[Date "2017.11.10"]
[Round "1"]
[White "Dussek"]
[Black "Picifarkinca"]
[WhiteElo "1810"]
[BlackElo "1860"]
[Result "1-0"]
[Round "1"]
1.e4 c6
2.d4 d5
3.Nb1c3 dxe4
4.Nc3xe4 Nb8d7
5.Ng1f3 Ng8f6
6.Bf1d3 Nf6xe4
7.Bd3xe4 Nd7f6
8.Be4d3 e6
9.O-O h6
10.h3 Bf8d6
11.Bc1d2 O-O
12.c3 Qd8c7
13.Rf1e1 Rf8e8
14.Qd1c2 c5
15.Bd2e3 b6
16.Nf3e5 { resign }
1-0

[Event "Tourn. n9571"]
[Site "www.chess-mail.com"]
[Date "2017.11.10"]
[Round "1"]
[White "Llcervello"]
[Black "Picifarkinca"]
[WhiteElo "1640"]
[BlackElo "1860"]
[Result "1-0"]
[Round "1"]
1.e4 c6
2.b4 d5
3.Nb1c3 d4
4.Nc3a4 e5
5.a3 Ng8f6
6.c4 Nf6xe4
7.c5 b5
8.Bf1d3 Ne4f6
9.Qd1f3 bxa4
10.Bd3b5 { resign }
1-0

[Event "Tourn. n9572"]
[Site "www.chess-mail.com"]
[Date "2017.11.10"]
[Round "1"]
[White "Coolant"]
[Black "Apdash"]
[WhiteElo "2330"]
[BlackElo "2250"]
[Result "0-1"]
[Round "1"]
1.c4 e5
2.Nb1c3 Ng8f6
3.Ng1f3 Nb8c6
4.e4 a6
5.d4 exd4
6.Nf3xd4 Nc6xd4
7.Qd1xd4 b6
8.Bc1g5 c5
9.Qd4d2 Bf8e7
10.e5 Nf6g4
11.Bg5f4 h5
12.Bf1e2 Bc8b7
13.O-O Bb7c6
14.h3 Ng4h6
15.Be2xh5 Nh6f5
16.Bh5g4 Nf5d4
17.Nc3e2 Nd4e6
18.Bg4xe6 dxe6
19.Qd2c2 Ra8a7
20.Ra1d1 Ra7d7
21.Rd1xd7 Qd8xd7
22.Rf1d1 Qd7b7
23.f3 g5
24.Bf4g3 b5
25.b3 g4
26.hxg4 Bc6xf3
27.gxf3 Qb7xf3
28.Bg3h2 Qf3xg4
29.Ne2g3 Be7g5
30.Qc2e2 Qg4h3
31.Qe2g2 Bg5e3
32.Kh1 Ke7
33.Qg2xh3 Rh8xh3
34.Kg2 Rh3h8
35.Ng3e4 Be3d4
36.Rd1e1 bxc4
37.bxc4 Rh8b8
38.Re1e2 Rb8b1
39.Ne4d6 f5
40.Bh2g3 a5
41.Bg3h4 Kd7
42.Bh4f6 Rb1b6
43.Nd6b5 Kc6
44.Kf3 Rb6b7
45.Re2g2 Rb7h7
46.Rg2g7 Rh7h2
47.Nb5a7 Kb6
48.Bf6d8 Ka6
49.Na7c6 Rh2f2
50.Kg3 f4
51.Kh3 Rf2f3
52.Kh4 Bd4f2
53.Kg5 Rf3g3
54.Kf6 Rg3xg7
55.Kxg7 f3
56.Bd8xa5 Bf2g3
57.Kf6 f2
58.Kxe6 f1Q
{ resign }
0-1

[Event "Tourn. n9580"]
[Site "www.chess-mail.com"]
[Date "2017.11.10"]
[Round "1"]
[White "Picifarkinca"]
[Black "Louis"]
[WhiteElo "1860"]
[BlackElo "2010"]
[Result "0-1"]
[Round "1"]
1.Ng1f3 d5
2.c4 d4
3.b4 Bc8g4
4.Nf3e5 Bg4f5
5.g4 Bf5c8
6.e3 f6
7.Ne5d3 e5
8.Bf1g2 Nb8c6
9.b5 Nc6b4
{ resign }
0-1

[Event "Tourn. n9575"]
[Site "www.chess-mail.com"]
[Date "2017.11.10"]
[Round "1"]
[White "Luban"]
[Black "Ffdd65"]
[WhiteElo "2130"]
[BlackElo "2170"]
[Result "0-1"]
[Round "1"]
1.d4 d5
2.Ng1f3 Ng8f6
3.h3 e6
4.a3 h6
5.e3 Bf8d6
6.c4 c6
7.Nb1c3 O-O
8.Bf1d3 Qd8c7
9.c5 Bd6e7
10.b4 b5
11.Bc1b2 Nb8d7
12.O-O Nf6h5
13.Nf3e5 Nd7xe5
14.dxe5 Qc7xe5
15.Nc3a4 Qe5g5
16.Na4c3 e5
17.Bd3e2 Bc8xh3
18.Be2f3 e4
19.Nc3xd5 cxd5
{ resign }
0-1

[Event "Tourn. n9571"]
[Site "www.chess-mail.com"]
[Date "2017.11.10"]
[Round "1"]
[White "Picifarkinca"]
[Black "Libiesse"]
[WhiteElo "1860"]
[BlackElo "1820"]
[Result "0-1"]
[Round "1"]
1.Ng1f3 d5
2.c4 dxc4
3.e3 Nb8c6
4.Bf1xc4 e6
5.Qd1e2 Ng8f6
6.O-O Bf8d6
7.d4 O-O
8.Rf1d1 Nc6a5
9.Bc4d3 Na5c6
10.a3 Bc8d7
{ resign }
0-1

[Event "Tourn. n9563"]
[Site "www.chess-mail.com"]
[Date "2017.11.10"]
[Round "1"]
[White "Nulladies"]
[Black "Picifarkinca"]
[WhiteElo "1920"]
[BlackElo "1860"]
[Result "1-0"]
[Round "1"]
1.d4 c6
2.Bc1f4 d5
3.e3 Qd8b6
4.Qd1c1 Bc8f5
5.Ng1f3 Nb8d7
6.Nb1d2 e6
7.Nf3e5 f6
8.Ne5xd7 Kxd7
9.Nd2b3 g5
10.Bf4g3 h5
11.h3 h4
12.Bg3h2 Bf8b4
13.c3 Bb4f8
14.Qc1d2 { resign }
1-0

[Event "Tourn. n9563"]
[Site "www.chess-mail.com"]
[Date "2017.11.10"]
[Round "1"]
[White "Dussek"]
[Black "Picifarkinca"]
[WhiteElo "1820"]
[BlackElo "1860"]
[Result "1-0"]
[Round "1"]
1.d4 c6
2.Ng1f3 d5
3.e3 Ng8f6
4.Bf1d3 Nb8d7
5.Nb1d2 e6
6.O-O Bf8d6
7.b3 O-O
8.Bc1b2 Qd8c7
9.h3 Rf8e8
10.c4 Bd6e7
11.c5 b6
12.b4 bxc5
13.bxc5 Ra8b8
14.Ra1b1 Be7f8
15.Nd2b3 e5
16.Bd3e2 e4
17.Nf3d2 a5
18.a4 Rb8b4
19.Rb1a1 { resign }
1-0

[Event "Tourn. n9583"]
[Site "www.chess-mail.com"]
[Date "2017.11.10"]
[Round "1"]
[White "Roque1"]
[Black "Picifarkinca"]
[WhiteElo "1840"]
[BlackElo "1860"]
[Result "1-0"]
[Round "1"]
1.e4 c6
2.d4 d5
3.Bf1d3 dxe4
4.Bd3xe4 Ng8f6
5.Nb1c3 Nf6xe4
6.Nc3xe4 Nb8d7
7.Ng1f3 { resign }
1-0

[Event "Tourn. n9573"]
[Site "www.chess-mail.com"]
[Date "2017.11.10"]
[Round "1"]
[White "Picifarkinca"]
[Black "Falcoale"]
[WhiteElo "1860"]
[BlackElo "2020"]
[Result "0-1"]
[Round "1"]
1.Ng1f3 Ng8f6
2.d3 e6
3.g3 d5
4.Bf1g2 b6
5.O-O Bc8b7
6.Nf3e5 Bf8d6
7.Ne5c4 Bd6e7
8.Nc4e5 Nf6d7
9.f4 O-O
10.Nb1d2 Nb8c6
{ resign }
0-1

[Event "Tourn. n9571"]
[Site "www.chess-mail.com"]
[Date "2017.11.10"]
[Round "1"]
[White "Picifarkinca"]
[Black "Osopanda"]
[WhiteElo "1860"]
[BlackElo "1620"]
[Result "0-1"]
[Round "1"]
1.Ng1f3 d6
2.c4 e5
3.d3 Ng8f6
4.Nb1c3 Bc8e6
5.g3 Bf8e7
6.Bf1g2 O-O
7.O-O c6
8.e4 Qd8c7
9.b3 Nb8d7
{ resign }
0-1

[Event "Tourn. n9573"]
[Site "www.chess-mail.com"]
[Date "2017.11.10"]
[Round "1"]
[White "Picifarkinca"]
[Black "Attatroll"]
[WhiteElo "1860"]
[BlackElo "1970"]
[Result "0-1"]
[Round "1"]
1.Ng1f3 d5
2.c4 dxc4
3.e3 Ng8f6
4.Bf1xc4 e6
5.Qd1e2 Bf8c5
6.O-O O-O
7.Rf1d1 Nb8c6
8.d4 Bc5b6
9.a4 Nc6a5
10.Bc4a2 Nf6d5
11.Nb1c3 Bc8d7
12.Ba2xd5 exd5
13.Nf3e5 Bd7e6
14.b4 Na5b3
15.Ra1a3 Nb3xc1
16.Rd1xc1 a6
17.a5 Bb6a7
{ resign }
0-1

[Event "Tourn. n9562"]
[Site "www.chess-mail.com"]
[Date "2017.11.10"]
[Round "1"]
[White "Osopanda"]
[Black "Picifarkinca"]
[WhiteElo "1620"]
[BlackElo "1860"]
[Result "1-0"]
[Round "1"]
1.b3 b6
2.Bc1b2 Bc8b7
3.e3 c5
4.Ng1f3 d6
5.d4 Ng8f6
6.Bf1b5 Nb8d7
7.O-O a6
8.Bb5e2 Ra8c8
9.Nb1d2 e6
10.Rf1e1 Bf8e7
11.c4 O-O
12.Be2d3 d5
13.Ra1c1 { resign }
1-0

[Event "Tourn. n9571"]
[Site "www.chess-mail.com"]
[Date "2017.11.10"]
[Round "1"]
[White "Dussek"]
[Black "Picifarkinca"]
[WhiteElo "1820"]
[BlackElo "1860"]
[Result "1-0"]
[Round "1"]
1.Ng1f3 c6
2.g3 d5
3.Bf1g2 g6
4.O-O Bf8g7
5.d4 Nb8d7
6.c3 e5
7.e3 e4
8.Nf3d2 f5
9.Nd2b3 Ng8e7
10.Nb1d2 O-O
11.c4 b6
12.c5 Bc8a6
13.Rf1e1 bxc5
14.Ra1b1 Ba6d3
15.Rb1a1 c4
16.Nb3c5 Nd7xc5
17.dxc5 Qd8a5
18.b3 { resign }
1-0

[Event "Tourn. n9573"]
[Site "www.chess-mail.com"]
[Date "2017.11.10"]
[Round "1"]
[White "Ditto"]
[Black "Picifarkinca"]
[WhiteElo "1880"]
[BlackElo "1860"]
[Result "1-0"]
[Round "1"]
1.e4 c6
2.Nb1c3 d5
3.exd5 cxd5
4.d4 Nb8c6
5.Bc1f4 a6
6.Ng1f3 Ng8f6
7.Bf4g5 e6
8.Bf1d3 h6
9.Bg5d2 Bf8d6
10.Qd1e2 { resign }
1-0

[Event "Tourn. n9583"]
[Site "www.chess-mail.com"]
[Date "2017.11.10"]
[Round "1"]
[White "Picifarkinca"]
[Black "Claymil"]
[WhiteElo "1860"]
[BlackElo "2060"]
[Result "0-1"]
[Round "1"]
1.d4 d5
2.c4 e6
3.Ng1f3 h6
4.cxd5 Qd8xd5
5.Nb1c3 Qd5d8
6.a3 g6
7.e4 Bf8g7
8.Bf1b5 Nb8d7
9.O-O Ng8e7
{ resign }
0-1

[Event "Tourn. n9563"]
[Site "www.chess-mail.com"]
[Date "2017.11.10"]
[Round "1"]
[White "Picifarkinca"]
[Black "Falcoale"]
[WhiteElo "1860"]
[BlackElo "2020"]
[Result "0-1"]
[Round "1"]
1.Ng1f3 c5
2.g3 Ng8f6
3.d3 e6
4.Bf1g2 d5
5.c3 Nb8c6
6.O-O Bf8e7
7.Qd1c2 O-O
8.Rf1d1 b6
9.e4 Bc8b7
10.exd5 exd5
11.Rd1e1 Be7d6
12.Nb1d2 Qd8c7
13.Nd2f1 Rf8e8
{ resign }
0-1

[Event "Tourn. n9563"]
[Site "www.chess-mail.com"]
[Date "2017.11.10"]
[Round "1"]
[White "Picifarkinca"]
[Black "Prize64"]
[WhiteElo "1860"]
[BlackElo "1980"]
[Result "0-1"]
[Round "1"]
1.Ng1f3 Ng8f6
2.g3 g6
3.b3 Bf8g7
4.Bc1b2 O-O
5.c4 d6
6.Bf1g2 c5
7.O-O Nb8c6
8.Nb1c3 Bc8d7
9.Nc3d5 e6
10.Nd5e3 Qd8e7
11.d4 cxd4
12.Nf3xd4 Nc6xd4
13.Bb2xd4 Bd7c6
14.Qd1d3 Bc6xg2
{ resign }
0-1

[Event "Tourn. n9578"]
[Site "www.chess-mail.com"]
[Date "2017.11.10"]
[Round "1"]
[White "Aiko1603"]
[Black "Picifarkinca"]
[WhiteElo "2020"]
[BlackElo "1860"]
[Result "1-0"]
[Round "1"]
1.c4 e6
2.Nb1c3 f5
3.g3 Ng8f6
4.Bf1g2 d5
5.cxd5 exd5
6.d4 c6
7.Ng1f3 Bf8d6
8.Bc1g5 O-O
9.O-O Nb8d7
10.a3 { resign }
1-0

[Event "Tourn. n9580"]
[Site "www.chess-mail.com"]
[Date "2017.11.10"]
[Round "1"]
[White "Awfen"]
[Black "Picifarkinca"]
[WhiteElo "2050"]
[BlackElo "1860"]
[Result "1-0"]
[Round "1"]
1.e4 e6
2.f4 d5
3.e5 c5
4.Ng1f3 Nb8c6
5.Bf1b5 Qd8b6
6.c4 a6
7.Bb5xc6 Qb6xc6
8.cxd5 Qc6xd5
9.O-O { resign }
1-0

[Event "Tourn. n9583"]
[Site "www.chess-mail.com"]
[Date "2017.11.10"]
[Round "1"]
[White "Prize64"]
[Black "Picifarkinca"]
[WhiteElo "1990"]
[BlackElo "1860"]
[Result "1-0"]
[Round "1"]
1.e4 e6
2.d3 c5
3.f4 Nb8c6
4.g3 d6
5.Nb1c3 g6
6.Bf1g2 Bf8g7
7.Bc1e3 Ng8e7
8.Qd1d2 { resign }
1-0

[Event "Tourn. n9580"]
[Site "www.chess-mail.com"]
[Date "2017.11.10"]
[Round "1"]
[White "Dussek"]
[Black "Picifarkinca"]
[WhiteElo "1810"]
[BlackElo "1860"]
[Result "1-0"]
[Round "1"]
1.d4 e6
2.Ng1f3 d5
3.g3 Ng8f6
4.Bc1g5 Nb8d7
5.Bf1g2 c5
6.c3 Qd8b6
7.Qd1c2 h6
8.Bg5f4 g5
9.Bf4e5 Nd7xe5
10.Nf3xe5 Bc8d7
11.O-O cxd4
12.Ne5xd7 Nf6xd7
13.cxd4 { resign }
1-0

[Event "Tourn. n9596"]
[Site "www.chess-mail.com"]
[Date "2017.11.10"]
[Round "1"]
[White "Bojan"]
[Black "Dussek"]
[WhiteElo "2000"]
[BlackElo "1830"]
[Result "1-0"]
[Round "1"]
1.e4 e6
2.d4 d5
3.exd5 exd5
4.a3 Ng8f6
5.c4 Bf8e7
6.Nb1c3 O-O
7.h3 c6
8.c5 Nb8d7
9.Ng1f3 Rf8e8
10.Bf1e2 Be7f8
11.O-O g6
12.Bc1g5 Bf8g7
13.Rf1e1 Qd8c7
14.Qd1d2 Nf6e4
15.Nc3xe4 dxe4
16.Nf3h2 Nd7f6
17.Bg5f4 Qc7d7
18.Ra1d1 Nf6d5
19.Bf4d6 e3
20.fxe3 Nd5xe3
21.Rd1c1 Ne3xg2
22.Be2g4 Qd7d8
23.Kxg2 Bc8e6
24.Re1e2 Be6xg4
25.Re2xe8 Qd8xe8
26.Nh2xg4 Qe8e4
27.Kh2 Bg7xd4
28.Rc1c4 Bd4g1
29.Kxg1 Qe4xc4
30.Qd2e3 Qc4e6
31.Qe3c3 { resign }
1-0

[Event "Tourn. n9604"]
[Site "www.chess-mail.com"]
[Date "2017.11.10"]
[Round "1"]
[White "Bojan"]
[Black "Add"]
[WhiteElo "2010"]
[BlackElo "2190"]
[Result "0-1"]
[Round "1"]
1.e4 d6
2.d4 c6
3.Ng1f3 h6
4.a3 Bc8g4
5.Bf1e2 e6
6.h3 Bg4h5
7.c4 Ng8f6
8.Be2d3 Nb8d7
9.Nb1d2 e5
10.d5 Nd7c5
11.Bd3c2 a5
12.b3 Bf8e7
13.Bc1b2 O-O
14.b4 axb4
15.axb4 Nc5d7
16.O-O cxd5
17.cxd5 b5
18.Qd1e2 Qd8b6
19.Qe2d3 Rf8c8
20.Nf3h4 Bh5g6
21.Nh4xg6 fxg6
22.Kh1 g5
23.Qd3f3 Ra8xa1
24.Rf1xa1 Rc8xc2
25.Ra1a8 Nd7f8
26.Bb2xe5 dxe5
27.Nd2b3 Rc2xf2
28.Qf3g3 Be7xb4
29.Qg3xe5 Rf2f1
30.Kh2 Bb4d6
{ resign }
0-1

[Event "Match"]
[Site "www.echecsemail.com"]
[Date "2017.11.10"]
[Round "1"]
[White "Mrmoto"]
[Black "Et1"]
[WhiteElo "1710"]
[BlackElo "1809"]
[Result "1-0"]
[Round "1"]
1.e4 e5
2.Ng1f3 Nb8c6
3.Bf1b5 d6
4.O-O Bc8d7
5.Rf1e1 g5
6.d3 Bf8e7
7.Bc1xg5 Be7xg5
8.Nb1d2 Bg5e7
9.Nd2f1 h6
10.Nf1g3 Ng8f6
11.a3 a6
12.Bb5a4 b5
13.Ba4b3  { time }
1-0

[Event "Match"]
[Site "www.echecsemail.com"]
[Date "2017.11.10"]
[Round "1"]
[White "Fangshuo"]
[Black "Et1"]
[WhiteElo "2020"]
[BlackElo "1809"]
[Result "1-0"]
[Round "1"]
1.e4 c5
2.Ng1f3 e6
3.c3 g6
4.d4 b6
5.Bf1b5 Bf8g7
6.e5 Bc8b7
7.Bc1g5 Qd8c7
8.O-O Bb7c6
9.Nb1a3 a6
10.Bb5xc6 Nb8xc6
11.Na3c4 Bg7f8
12.d5 exd5
13.Qd1xd5 h6
14.Bg5f4 Ng8e7
15.Qd5e4 b5
16.Nc4d6  { time }
1-0

[Event "Match"]
[Site "www.echecsemail.com"]
[Date "2017.11.10"]
[Round "1"]
[White "Whitekknight"]
[Black "Mystakerchon"]
[WhiteElo "1950"]
[BlackElo "1090"]
[Result "1-0"]
[Round "1"]
1.d4 d5
2.e4 e6
3.exd5 exd5
4.Bf1e2 Ng8f6
5.Ng1f3 Nb8c6
6.Nb1c3 Bf8e7
7.O-O O-O
8.Bc1e3 Rf8e8
9.h3 h6
10.Qd1d2 Nf6e4
11.Nc3xe4 dxe4
12.Nf3h2 Be7d6
13.c3 Bc8f5
14.Nh2g4 h5
15.Ng4h2 Qd8f6
16.Be2xh5 g6
17.Be3g5 Qf6g7
18.Bh5e2 f6
19.Bg5f4 Bd6xf4
20.Qd2xf4 Bf5c8
21.Nh2g4 Bc8xg4
22.Qf4xg4 f5
23.Qg4f4 Nc6e7
24.Be2c4 Kf8
25.Ra1e1 g5
26.Qf4e3 Ne7g6
27.Qe3xg5 f4
28.Qg5c5 Re8e7
29.Re1xe4 Ra8e8
30.Rf1e1 b6
31.Qc5f5 Re7f7
32.Re4xe8 
1-0

[Event "Match"]
[Site "www.echecsemail.com"]
[Date "2017.11.10"]
[Round "1"]
[White "Guidom"]
[Black "Et1"]
[WhiteElo "2150"]
[BlackElo "1809"]
[Result "1-0"]
[Round "1"]
1.e4 e6
2.d4 d5
3.exd5 exd5
4.c3 c6
5.Bc1f4 Bc8e6
6.Ng1f3 Nb8d7
7.Bf1d3 g6
8.O-O Bf8e7
9.Nb1d2 Qd8b6
10.Qd1c2 Ng8f6
11.Nf3e5 Nd7xe5
12.Bf4xe5 c5
13.Nd2f3 c4
14.Bd3e2 O-O
15.h4 Nf6e4
16.g3 Be7d6
17.Be5xd6 Ne4xd6
18.Nf3e5  { time }
1-0

[Event "Match"]
[Site "www.echecsemail.com"]
[Date "2017.11.10"]
[Round "1"]
[White "Et1"]
[Black "Calponas"]
[WhiteElo "1809"]
[BlackElo "2080"]
[Result "0-1"]
[Round "1"]
1.e3 e5
2.b3 d5
3.g3 Ng8f6
4.Bf1g2 c6
5.Bc1b2 Bf8d6
6.d4 e4
7.f3 Bc8f5
8.Ng1e2 h6
9.c4 O-O
10.c5 Bd6c7
11.f4 Nb8d7
12.Nb1d2 b5
 { time }
0-1

[Event "Match"]
[Site "www.echecsemail.com"]
[Date "2017.11.10"]
[Round "1"]
[White "Aperturaf"]
[Black "Tonino1"]
[WhiteElo "2630"]
[BlackElo "2210"]
[Result "1-0"]
[Round "1"]
1.e4 d6
2.d4 Ng8f6
3.Nb1c3 g6
4.f4 Bf8g7
5.Ng1f3 O-O
6.Bf1d3 c6
7.O-O Qd8c7
8.Qd1e1 Nb8d7
9.e5 dxe5
10.fxe5 Nf6e8
11.Nf3g5 e6
12.Qe1h4 h6
13.Ng5xf7 Rf8xf7
14.Rf1xf7 Kxf7
15.Bc1xh6 Bg7h8
16.Ra1f1  { time }
1-0

[Event "Match"]
[Site "www.echecsemail.com"]
[Date "2017.11.10"]
[Round "1"]
[White "Chapi"]
[Black "Apdash"]
[WhiteElo "2190"]
[BlackElo "2230"]
[Result "0-1"]
[Round "1"]
1.d4 d5
2.c4 g6
3.Nb1c3 c6
4.Ng1f3 Bf8g7
5.e4 dxe4
6.Nc3xe4 Bc8g4
7.Bc1e3 Nb8d7
8.h3 Bg4f5
9.Bf1d3 Bf5xe4
10.Bd3xe4 Ng8f6
11.Be4d3 Qd8a5
12.Qd1d2 Qa5xd2
13.Nf3xd2 O-O
14.O-O Rf8d8
15.Ra1d1 h6
16.Rf1e1 b6
17.Bd3e2 e6
18.Be2f3 Ra8c8
19.b4 c5
20.a3 cxd4
21.Be3xd4 Nf6h7
22.Nd2b3 Rc8xc4
23.b5 Bg7xd4
24.Nb3xd4 Nd7e5
25.Re1xe5 Rc4xd4
26.Rd1xd4 Rd8xd4
27.Re5e3 Nh7f6
28.Re3c3 Rd4d7
29.g4 Kg7
30.Bf3c6 Rd7e7
31.f4 Nf6d7
32.Kf2 Nd7c5
33.Ke3 f5
34.Kd4 Kf6
35.Rc3xc5 bxc5
36.Kxc5 e5
37.b6 axb6
38.Kxb6 exf4
39.a4 Re7e6
40.a5 Re6xc6
{ resign }
0-1

[Event "Match"]
[Site "www.echecsemail.com"]
[Date "2017.11.10"]
[Round "1"]
[White "Mitja"]
[Black "Bojan"]
[WhiteElo "1990"]
[BlackElo "2030"]
[Result "1-0"]
[Round "1"]
1.d4 d5
2.e3 Bc8f5
3.c3 a6
4.h3 Nb8c6
5.Nb1d2 Ng8f6
6.Qd1f3 g6
7.Nd2b3 e5
8.dxe5 Nc6xe5
9.Qf3d1 c5
10.Ng1f3 Qd8c7
11.Nf3xe5 Qc7xe5
12.Bf1e2 b6
13.Nb3d2 Ra8d8
14.Nd2f3 Qe5c7
15.Be2xa6 Qc7c6
16.a4 Qc6e6
17.Ba6b5 Ke7
18.Nf3g5 Qe6e5
19.Ng5f3 Qe5c7
20.b3 Nf6e4
21.Bc1b2 Bf8g7
22.Ra1c1 Qc7b7
23.Qd1e2 Ne4d6
24.Bb5d3 Bf5d7
25.O-O Bd7e6
26.c4 Bg7xb2
27.Qe2xb2 Rh8g8
28.Nf3g5 h6
29.Ng5xe6 Kxe6
30.cxd5 Qb7xd5
31.Rf1d1 Qd5g5
32.f4 Qg5g3
33.Qb2e5 Kd7
34.Bd3b5 Kc7
35.Qe5e7 Kc8
36.Bb5a6 Kb8
37.Rd1xd6 Rd8xd6
38.Qe7b7 { resign }
1-0

[Event "Match"]
[Site "www.echecsemail.com"]
[Date "2017.11.10"]
[Round "1"]
[White "Geodad5"]
[Black "Tonino1"]
[WhiteElo "2120"]
[BlackElo "2280"]
[Result "0-1"]
[Round "1"]
1.e4 d6
2.d4 Ng8f6
3.Nb1c3 g6
4.Ng1f3 Bf8g7
5.Bf1d3 O-O
6.h3 c6
7.O-O Qd8c7
8.Bc1e3 e5
9.dxe5 dxe5
10.Qd1e2 h6
11.Ra1d1 Bc8e6
12.a3 Nb8d7
13.Nf3h2 Nd7c5
14.b4 Nc5xd3
15.Qe2xd3 Ra8d8
16.Qd3e2 b5
17.f4 Be6c4
18.Qe2f3 Bc4xf1
19.Qf3xf1 Rd8xd1
20.Nc3xd1 Nf6xe4
21.fxe5 Ne4g3
22.Qf1f3 Bg7xe5
23.Nh2g4 Ng3f5
24.Ng4xe5 Qc7xe5
25.c3 Nf5xe3
26.Qf3xe3 Qe5xe3
27.Nd1xe3 f5
28.Kf2 Rf8e8
29.Ne3c2 Kf7
30.Nc2d4 Re8e6
31.Nd4xe6 Kxe6
32.Ke3 Kd5
33.Kd3 f4
34.Kd2 Kc4
35.Kc2 g5
{ resign }
0-1

[Event "Match"]
[Site "www.echecsemail.com"]
[Date "2017.11.10"]
[Round "1"]
[White "Jesmantiz"]
[Black "Gidi5"]
[WhiteElo "2260"]
[BlackElo "2059"]
[Result "0-1"]
[Round "1"]
1.d4 Ng8f6
2.c4 e6
3.Nb1c3 Bf8b4
4.Qd1c2 d5
5.e3 O-O
6.Bc1d2 b6
7.f3 Bc8a6
8.b3 dxc4
9.bxc4 c5
10.a3 Bb4xc3
11.Bd2xc3 Nb8d7
12.Ra1d1 Qd8c7
13.Ng1h3 cxd4
14.Rd1xd4 e5
15.Rd4h4 Rf8e8
16.Bf1d3 h6
17.O-O Ra8c8
18.Bc3b4 Nd7c5
19.Bd3f5 Rc8d8
20.Rf1c1 Ba6c8
21.Nh3f2 Bc8xf5
22.Qc2xf5 a5
23.Bb4c3 Qc7d7
24.Qf5c2 Qd7a4
25.Qc2a2 b5
26.Bc3e1 b4
27.Rc1a1 b3
28.Qa2b1 Rd8d7
29.Nf2d1 e4
30.Nd1b2 Qa4c6
31.f4 a4
32.Be1c3 Re8d8
33.Qb1e1 Nc5d3
34.Qe1e2 Nd3xb2
35.Qe2xb2 Rd7d1
36.Kf2 Qc6xc4
37.Ra1xd1 Rd8xd1
38.Kg3 Qc4d3
39.Bc3xf6 Qd3xe3
40.Kg4 Rd1d2
41.Qb2c3 Rd2xg2
{ resign }
0-1

[Event "Match"]
[Site "www.echecsemail.com"]
[Date "2017.11.10"]
[Round "1"]
[White "Witpar"]
[Black "Gidi5"]
[WhiteElo "2710"]
[BlackElo "2059"]
[Result "1-0"]
[Round "1"]
1.d4 Ng8f6
2.c4 e6
3.Ng1f3 b6
4.g3 Bc8b7
5.Bf1g2 Bf8e7
6.O-O O-O
7.d5 exd5
8.Nf3h4 c6
9.cxd5 cxd5
10.Nb1c3 Nb8c6
11.Nh4f5 Rf8e8
12.Bc1g5 Nf6e4
13.Nc3xe4 dxe4
14.Bg5xe7 Nc6xe7
15.Nf5d6 { resign }
1-0